000 00351nam a22000977a 4500
008 220523b ||||| |||| 00| 0 eng d
100 _aRobert Siegel Auction Galleries
245 _aJames Depew Coll of US Coils & 20th Cent Imperf issues (2019)
260 _aNew York
_bRobert Siegel Auction Galleries
_c2019
650 _aUS Coil stamps| US Imperforate Issues
999 _c3391
_d3391